00929nam a22002297a 4500001000700000003000900007005001700016008004100033020001500074040004400089041000800133082001900141110005600160245008400216260004100300300003600341500010700377650006800484942001200552999001900564952011600583114496DR-UNIBE20260330091629.0260323b2003 ck ||||| |||| 00| 0 spa d a9962883032 aBIBLIOTECA UNIBEcBIBLIOTECA UNIBEerda aspa a347.7287 R426h2 aRepública de Panamá.bÓrgano Judicial920362010aHistória y biografía de la justicia panameña en sus primeros cien años aPanamá :bÓrgano Judicial,c2003 a302 páginas : bilustraciones aTítulo en la cubierta: História y biografía de la justicia panameña en sus primeros 100 años 72lembaAdministración de Justiciax HistoriazPanamá9203948 2ddccBK c114496d114496 00102ddc708GENaPrincipald2026-01-01l0o347.7287 R426hp260122r2026-03-30 09:17:48tEj. 1w2026-03-30yBK